REDESCRIPCIÓN Y MORALIDAD (Registro nro. 68614)
[ vista simple ]
| 000 -CABECERA | |
|---|---|
| campo de control de longitud fija | 00697nam a22002177a 4500 |
| 003 - IDENTIFICADOR DEL NÚMERO DE CONTROL | |
| campo de control | BPGM |
| 008 - DATOS DE LONGITUD FIJA--INFORMACIÓN GENERAL | |
| campo de control de longitud fija | 260617s mx |||||r||||s001 ||spa|| |
| 020 ## - NÚMERO INTERNACIONAL ESTÁNDAR DEL LIBRO | |
| Número Internacional Estándar del Libro | 978-968-845-331-5 |
| 040 ## - FUENTE DE LA CATALOGACIÓN | |
| Lengua de catalogación | spa |
| 041 ## - CÓDIGO DE LENGUA | |
| Código de lengua del texto/banda sonora o título independiente | SPA |
| Código de lengua original | SPA |
| 082 04 - NÚMERO DE LA CLASIFICACIÓN DECIMAL DEWEY | |
| Número de edición | PRIMERA EDICIÓN |
| Número de clasificación | CQ / 109 / R42 |
| Número de documento/Ítem | R42 |
| 100 ## - ENTRADA PRINCIPAL--NOMBRE DE PERSONA | |
| Nombre de persona | ARELLANO RODRÍGUEZ, JOSÉ SALVADOR |
| 245 ## - MENCIÓN DE TÍTULO | |
| Título | REDESCRIPCIÓN Y MORALIDAD |
| 260 ## - PUBLICACIÓN, DISTRIBUCIÓN, ETC. | |
| Lugar de publicación, distribución, etc. | QUERÉTARO, MÉXICO |
| Nombre del editor, distribuidor, etc. | UNIVERSIDAD AUTÓNOMA DE QUERÉTARO |
| Fecha de publicación, distribución, etc. | OCTUBRE 2007 |
| 300 ## - DESCRIPCIÓN FÍSICA | |
| Extensión | 134 PÁGINAS; |
| Dimensiones | 21.5 CM X 17.2 CM |
| 336 ## - TIPO DE CONTENIDO | |
| Fuente | rdacontent |
| Término de tipo de contenido | texto |
| Código de tipo de contenido | txt |
| 337 ## - TIPO DE MEDIO | |
| Fuente | rdamedia |
| Nombre/término del tipo de medio | sin mediación |
| Código del tipo de medio | n |
| 338 ## - TIPO DE SOPORTE | |
| Fuente | rdacarrier |
| Nombre/término del tipo de soporte | volumen |
| Código del tipo de soporte | nc |
| 650 ## - PUNTO DE ACCESO ADICIONAL DE MATERIA--TÉRMINO DE MATERIA | |
| Término de materia o nombre geográfico como elemento de entrada | HUMANIDADES Y FILOSOFÍA |
| Subdivisión de forma | 109 |
| Subdivisión general | 100 |
| Subdivisión cronológica | 00 |
| Subdivisión geográfica | 9 |
| 942 ## - ELEMENTOS DE PUNTO DE ACCESO ADICIONAL (KOHA) | |
| Fuente del sistema de clasificación o colocación | Dewey Decimal Classification |
| Tipo de ítem Koha | Colección Querétaro |
| Estado de retiro | Estado de pérdida | Fuente del sistema de clasificación o colocación | Estado dañado | No para préstamo | Código de colección | Localización permanente | Ubicación/localización actual | Ubicación en estantería | Fecha de adquisición | Fuente de adquisición | Información codificada de la localización en otra ubicación | Número de inventario | Total de préstamos | Signatura topográfica completa | Fecha visto por última vez | Número de copia | Precio válido a partir de | Tipo de ítem Koha |
|---|---|---|---|---|---|---|---|---|---|---|---|---|---|---|---|---|---|---|
| Dewey Decimal Classification | Préstamo en Sala | Colección General BFC | BIBLIOTECA PÚBLICA CENTRAL ESTATAL “FRANCISCO CERVANTES” | BIBLIOTECA PÚBLICA CENTRAL ESTATAL “FRANCISCO CERVANTES” | ACCESO "A" PLANTA ALTA | 06/17/2026 | DONACIÓN | ACCESO "A" | EJ. 1 | CQ / 109 / R42 R42 | 06/17/2026 | EJ. 1 | 06/17/2026 | Colección Querétaro | ||||
| Dewey Decimal Classification | Colección General BFC | BIBLIOTECA PÚBLICA CENTRAL ESTATAL “FRANCISCO CERVANTES” | BIBLIOTECA PÚBLICA CENTRAL ESTATAL “FRANCISCO CERVANTES” | ACCESO "A" PLANTA ALTA | 06/17/2026 | DONACIÓN | ACCESO "A" | EJ. 2 | CQ / 109 / R42 R42 | 06/17/2026 | EJ. 2 | 06/17/2026 | Colección Querétaro |